01912nam a2200421Ia 4500001001200000003000800012006001900020007001500039008004100054010001700095020003800112020003500150020001800185040002100203035002100224050002800245082002100273100002400294245021000318260004300528300002600571490009200597504005600689533015200745650004100897650003900938650005000977650005301027650004101080650004701121655002901168700002301197700002101220710001701241830008901258856012601347999001701473ebr10686948CaPaEBRm u cr cn|||||||||100125s2010 maua sb 000 0 eng d z 2009054316 z9780262514750 (pbk. : alk. paper) z0262514753 (pbk. : alk. paper) z9780262266581 aCaPaEBRcCaPaEBR a(OCoLC)84307902814aHQ799.2.M35bF57 2010eb04a302.23/108352221 aFlanagin, Andrew J.10aKids and credibilityh[electronic resource] :ban empirical examination of youth, digital media use, and information credibility /cAndrew J. Flanagin and Miriam Metzger ; with Ethan Hartsell ... [et al.]. aCambridge, Mass. :bMIT Press,cc2010. axviii, 135 p. :bill.1 aThe John D. and Catherine T. MacArthur Foundation reports on digital media and learning aIncludes bibliographical references (p. [131]-135). aElectronic reproduction.bPalo Alto, Calif. :cebrary,d2013.nAvailable via World Wide Web.nAccess may be limited to ebrary affiliated libraries. 0aMass media and youthzUnited States. 0aInternet and youthzUnited States. 0aDigital mediaxSocial aspectszUnited States. 0aElectronic information resourceszUnited States. 0aInformation behaviorzUnited States. 0aTruthfulness and falsehoodzUnited States. 7aElectronic books.2local1 aMetzger, Miriam J.1 aHartsell, Ethan.2 aebrary, Inc. 0aJohn D. and Catherine T. MacArthur Foundation Reports on Digital Media and Learning.40uhttp://site.ebrary.com/lib/rucke/Doc?id=10686948zAn electronic book accessible through the World Wide Web; click to view c12547d12547